000 00602nam a2200241 a 4500
001 nice12345678
003 IN_TiNIC
005 20260116014855.0
008 111213s2008 dela grp 000 0 eng
020 _a9788184580570
_c325
082 0 0 _a291.172
_bSAM7
100 _aSamuel, John
245 _aAbraham and Isaac in Interfaith Pe Rspectives
260 _aDelhi
_bISPCK
_c2008
300 _a312p
500 _aincludes index and biblioraphy
505 2 _aBibliography
650 _aInterfaith Dialogue
700 1 _aSamuel, John
902 _bSRS
942 _cBK
999 _c17367
_d17367